000 00272 a2200145 4500
001 63952
040 _cAnchieta - Pituba
100 _aRicoeur, Paul
240 1 0 _aO mal
_lpor
245 1 0 _aO mal
300 _a53
362 0 _a1988
650 4 _aTeodicéia
942 _cBK
999 _c63952
_d63952